[Event "Holiday Invitational-GM 2019"]
[Site "Charlotte"]
[Date "2019.12.30"]
[Round "8.1"]
[White "Jacobson, Brandon"]
[Black "Kaliksteyn, Alexander"]
[Result "0-1"]
[WhiteElo "2472"]
[BlackElo "2381"]
[Annotator "ChessBase"]
[PlyCount "112"]
[EventDate "2019.12.26"]
[EventType "tourn"]
[EventCountry "USA"]
[SourceTitle "playchess.com"]
[Source "ChessBase"]
[SourceQuality "1"]
[TimeControl "5400+30"]

1. e4 {[%emt 0:06:59]} c5 {[%emt 0:00:00]} 2. Nf3 {[%emt 0:00:18]} d6 {[%emt 0:00:00]} 3. d4 {[%emt 0:00:08]} cxd4 {[%emt 0:00:00]} 4. Nxd4 {[%emt 0:00:05]} Nf6 {[%emt 0:00:00]} 5. Nc3 {[%emt 0:00:02]} g6 {[%emt 0:00:03]} 6. Be3 {[%emt 0:00:04]} Bg7 {[%emt 0:00:06]} 7. f3 {[%emt 0:00:03]} Nc6 {[%emt 0:00:06]} 8. Qd2 {[%emt 0:00:03]} O-O {[%emt 0:00:07]} 9. O-O-O {[%emt 0:00:04]} d5 {[%emt 0:00:18]} 10. Nxc6 {[%emt 0:00:04]} bxc6 {[%emt 0:00:06]} 11. Bc4 {[%emt 0:00:03]} e6 {[%emt 0:01:11]} 12. Bb3 {[%emt 0:00:17]} Bb7 {[%emt 0:00:18]} 13. Na4 {[%emt 0:00:47]} dxe4 {[%emt 0:12:50]} 14. Qxd8 {[%emt 0:00:30]} Raxd8 {[%emt 0:00:30]} 15. Nc5 {[%emt 0:00:30]} Ra8 {[%emt 1:21:55]} 16. Na4 {[%emt 1:28:03]} Rad8 {[%emt 0:00:00]} 17. Nc5 {[%emt 0:00:00]} Bc8 {[%emt 0:00:00]} 18. Nxe4 {[%emt 0:00:00]} Nxe4 {[%emt 0:00:00]} 19. fxe4 {[%emt 0:00:00]} a6 {[%emt 0:00:00]} 20. Bb6 {[%emt 0:00:00]} Rxd1+ {[%emt 0:00:00]} 21. Rxd1 {[%emt 0:00:00]} Bb7 {[%emt 0:00:00]} 22. Rd7 {[%emt 0:00:00]} Ba8 {[%emt 0:00:00]} 23. Bc5 {[%emt 0:00:00]} Rb8 {[%emt 0:00:00]} 24. c3 {[%emt 0:00:00]} Bf8 {[%emt 0:00:00]} 25. Bxf8 {[%emt 0:00:00]} Kxf8 {[%emt 0:00:00]} 26. e5 {[%emt 0:00:00]} c5 {[%emt 0:00:00]} 27. g3 {[%emt 0:00:00]} Rc8 {[%emt 0:00:00]} 28. Bc4 {[%emt 0:00:00]} Bc6 {[%emt 0:00:00]} 29. Ra7 {[%emt 0:00:00]} Rd8 {[%emt 0:00:00]} 30. Rxa6 {[%emt 0:00:00]} Bf3 {[%emt 0:00:00]} 31. a4 {[%emt 0:02:56]} Rd1+ {[%emt 0:00:00]} 32. Kc2 {[%emt 0:00:00]} Rh1 {[%emt 0:00:00]} 33. Kd2 {[%emt 0:01:09]} Rxh2+ {[%emt 0:00:00]} 34. Ke3 {[%emt 0:00:01]} Bh1 {[%emt 0:00:00]} 35. Rb6 {[%emt 0:00:01]} Rg2 {[%emt 0:00:00]} 36. a5 {[%emt 0:00:21]} Rxg3+ {[%emt 0:00:00]} 37. Kf2 {[%emt 0:00:01]} Rg4 {[%emt 0:00:00]} 38. Be2 {[%emt 0:00:24]} Ra4 {[%emt 0:00:00]} 39. a6 {[%emt 0:00:05]} c4 {[%emt 0:00:00]} 40. Bf3 {[%emt 0:04:58]} Bxf3 {[%emt 0:00:00]} 41. Kxf3 {[%emt 0:00:01]} Kg7 {[%emt 0:00:00]} 42. Rb4 {[%emt 0:00:23]} Rxa6 {[%emt 0:00:00]} 43. Rxc4 {[%emt 0:00:02]} Ra1 {[%emt 0:00:00]} 44. b4 {[%emt 0:00:57]} Rb1 {[%emt 0:00:00]} 45. Rc5 {[%emt 0:01:07]} g5 {[%emt 0:00:00]} 46. b5 {[%emt 0:00:44]} h5 {[%emt 0:00:00]} 47. c4 {[%emt 0:00:32]} Rb3+ {[%emt 0:00:32]} 48. Kg2 {[%emt 0:00:17]} h4 {[%emt 0:00:13]} 49. Rc8 {[%emt 0:01:52]} g4 {[%emt 0:00:42]} 50. Rd8 {[%emt 0:00:01]} Rb2+ {[%emt 0:00:17]} 51. Kg1 {[%emt 0:00:23]} Kg6 {[%emt 0:00:08]} 52. Rg8+ {[%emt 0:00:48]} Kf5 {[%emt 0:00:12]} 53. Rf8 {[%emt 0:00:04]} Kf4 {[%emt 0:01:24]} 54. Rxf7+ {[%emt 0:00:02]} Kg3 {[%emt 0:00:06]} 55. Rf1 {[%emt 0:00:48]} h3 {[%emt 0:00:32]} 56. Kh1 {[%emt 0:00:24]} h2 {[%emt 0:00:40]} 0-1

[Event "Holiday Invitational-GM 2019"]
[Site "Charlotte"]
[Date "2019.12.30"]
[Round "8.2"]
[White "Iotov, Valentin"]
[Black "Sinha, Sahil"]
[Result "1/2-1/2"]
[WhiteElo "2516"]
[BlackElo "2296"]
[Annotator "ChessBase"]
[PlyCount "114"]
[EventDate "2019.12.26"]
[EventType "tourn"]
[EventCountry "USA"]
[SourceTitle "playchess.com"]
[Source "ChessBase"]
[SourceQuality "1"]
[TimeControl "5400+30"]

1. e4 {[%emt 0:00:00]} c5 {[%emt 0:01:26]} 2. Nf3 {[%emt 0:00:00]} d6 {[%emt 0:00:04]} 3. Bb5+ {[%emt 0:00:00]} Nd7 {[%emt 0:00:13]} 4. c3 {[%emt 0:00:00]} Ngf6 {[%emt 0:02:02]} 5. Qe2 {[%emt 0:00:00]} a6 {[%emt 0:00:43]} 6. Ba4 {[%emt 0:00:00]} b5 {[%emt 0:00:52]} 7. Bc2 {[%emt 0:00:02]} c4 {[%emt 0:01:39]} 8. b3 {[%emt 0:03:48]} cxb3 {[%emt 0:01:45]} 9. axb3 {[%emt 0:00:10]} Bb7 {[%emt 0:00:19]} 10. O-O {[%emt 0:00:54]} e6 {[%emt 0:01:59]} 11. d4 {[%emt 0:01:28]} Be7 {[%emt 0:01:16]} 12. Nbd2 {[%emt 0:01:32]} Rc8 {[%emt 0:04:04]} 13. c4 {[%emt 0:03:01]} Qb6 {[%emt 0:01:40]} 14. Bd3 {[%emt 0:03:38]} b4 {[%emt 0:01:43]} 15. Bb2 {[%emt 0:11:50]} O-O {[%emt 0:00:49]} 16. h3 {[%emt 0:00:09]} Nh5 {[%emt 0:07:03]} 17. g3 {[%emt 0:03:07]} g6 {[%emt 0:05:09]} 18. Qe3 {[%emt 0:03:56]} e5 {[%emt 0:02:34]} 19. c5 {[%emt 0:01:29]} dxc5 {[%emt 0:03:07]} 20. Nc4 {[%emt 0:00:59]} Qe6 {[%emt 0:01:49]} 21. dxe5 {[%emt 0:06:22]} Qxh3 {[%emt 0:00:54]} 22. Rfd1 {[%emt 0:01:00]} Rcd8 {[%emt 0:10:22]} 23. Qh6 {[%emt 0:15:15]} Rfe8 {[%emt 0:10:16]} 24. Nd6 {[%emt 0:30:54]} Bf8 {[%emt 0:00:34]} 25. Qxh7+ {[%emt 0:00:23]} Kxh7 {[%emt 0:00:06]} 26. Ng5+ {[%emt 0:00:03]} Kg8 {[%emt 0:00:29]} 27. Nxh3 {[%emt 0:00:02]} Bxd6 {[%emt 0:01:12]} 28. exd6 {[%emt 0:00:02]} Bxe4 {[%emt 0:03:18]} 29. Bxe4 {[%emt 0:02:39]} Rxe4 {[%emt 0:00:06]} 30. Rxa6 {[%emt 0:00:05]} c4 {[%emt 0:01:42]} 31. bxc4 {[%emt 0:00:04]} Rxc4 {[%emt 0:00:07]} 32. Ng5 {[%emt 0:02:02]} Ng7 {[%emt 0:04:00]} 33. Rda1 {[%emt 0:02:27]} Nf5 {[%emt 0:05:16]} 34. Ra8 {[%emt 0:01:16]} Rcc8 {[%emt 0:01:38]} 35. Rxc8 {[%emt 0:00:13]} Rxc8 {[%emt 0:00:01]} 36. Ra7 {[%emt 0:00:12]} Rd8 {[%emt 0:00:13]} 37. Ne4 {[%emt 0:00:13]} Kf8 {[%emt 0:00:37]} 38. Rb7 {[%emt 0:00:58]} Nh6 {[%emt 0:01:39]} 39. Rxb4 {[%emt 0:01:55]} f5 {[%emt 0:00:44]} 40. Ng5 {[%emt 0:00:42]} Rb8 {[%emt 0:00:05]} 41. Rh4 {[%emt 0:01:20]} Rxb2 {[%emt 0:02:23]} 42. Rxh6 {[%emt 0:00:03]} Ne5 {[%emt 0:02:16]} 43. Rh8+ {[%emt 0:01:58]} Kg7 {[%emt 0:00:01]} 44. Re8 {[%emt 0:00:06]} Kf6 {[%emt 0:03:10]} 45. Nh7+ {[%emt 0:02:49]} Kg7 {[%emt 0:00:01]} 46. Re7+ {[%emt 0:00:18]} Kh6 {[%emt 0:00:23]} 47. Nf8 {[%emt 0:01:14]} Rb8 {[%emt 0:03:51]} 48. Rxe5 {[%emt 0:02:48]} Rxf8 {[%emt 0:00:05]} 49. d7 {[%emt 0:00:26]} Rd8 {[%emt 0:00:04]} 50. Re7 {[%emt 0:00:34]} g5 {[%emt 0:00:54]} 51. g4 {[%emt 0:00:32]} fxg4 {[%emt 0:00:56]} 52. Kg2 {[%emt 0:00:01]} Kg6 {[%emt 0:00:33]} 53. Re6+ {[%emt 0:00:45]} Kf7 {[%emt 0:00:14]} 54. Rd6 {[%emt 0:00:02]} Ke7 {[%emt 0:00:06]} 55. Rd1 {[%emt 0:00:03]} Rxd7 {[%emt 0:00:10]} 56. Rxd7+ {[%emt 0:00:03]} Kxd7 {[%emt 0:00:01]} 57. Kg3 {[%emt 0:00:06]} Ke6 {[%emt 0:00:02]} 1/2-1/2

[Event "Holiday Invitational-GM 2019"]
[Site "Charlotte"]
[Date "2019.12.30"]
[Round "8.3"]
[White "Steingrimsson, Hedinn"]
[Black "Karthik Venkataraman"]
[Result "1/2-1/2"]
[WhiteElo "2530"]
[BlackElo "2470"]
[Annotator "ChessBase"]
[PlyCount "48"]
[EventDate "2019.12.26"]
[EventType "tourn"]
[EventCountry "USA"]
[SourceTitle "playchess.com"]
[Source "ChessBase"]
[SourceQuality "1"]
[TimeControl "5400+30"]

1. Nf3 {[%emt 0:00:55]} c5 {[%emt 0:00:05]} 2. c4 {[%emt 0:00:04]} Nf6 {[%emt 0:00:10]} 3. Nc3 {[%emt 0:00:03]} Nc6 {[%emt 0:00:31]} 4. e3 {[%emt 0:00:22]} e6 {[%emt 0:00:53]} 5. d4 {[%emt 0:00:03]} d5 {[%emt 0:00:04]} 6. cxd5 {[%emt 0:00:06]} exd5 {[%emt 0:00:03]} 7. Bb5 {[%emt 0:00:19]} cxd4 {[%emt 0:00:05]} 8. Nxd4 {[%emt 0:00:02]} Bd7 {[%emt 0:00:05]} 9. O-O {[%emt 0:01:58]} Bd6 {[%emt 0:00:03]} 10. Nf3 {[%emt 0:10:25]} a6 {[%emt 0:01:03]} 11. Bxc6 {[%emt 0:11:19]} Bxc6 {[%emt 0:01:31]} 12. b3 {[%emt 0:00:51]} O-O {[%emt 0:00:06]} 13. Bb2 {[%emt 0:00:03]} Re8 {[%emt 0:01:45]} 14. Qd4 {[%emt 0:02:49]} Qe7 {[%emt 0:01:53]} 15. Rac1 {[%emt 0:02:24]} Rad8 {[%emt 0:01:37]} 16. Ne2 {[%emt 0:06:52]} Bb5 {[%emt 0:04:11]} 17. Rc2 {[%emt 0:05:30]} Qe4 {[%emt 0:16:49]} 18. Rfc1 {[%emt 0:05:53]} Qg6 {[%emt 0:00:32]} 19. Ng3 {[%emt 0:03:23]} Bc6 {[%emt 0:06:14]} 20. Nh4 {[%emt 0:05:44]} Qg5 {[%emt 0:00:28]} 21. Nf3 {[%emt 0:05:35]} Qg6 {[%emt 0:00:06]} 22. Qh4 {[%emt 0:07:25]} Ne4 {[%emt 0:01:30]} 23. Ne5 {[%emt 0:04:26]} Bxe5 {[%emt 0:01:20]} 24. Bxe5 {[%emt 0:00:03]} Nxg3 {[%emt 1:00:56] Kf1} 1/2-1/2

[Event "Holiday Invitational-GM 2019"]
[Site "Charlotte"]
[Date "2019.12.30"]
[Round "8.4"]
[White "Balakrishnan, Praveen"]
[Black "Mishra, Abhimanyu"]
[Result "1-0"]
[WhiteElo "2466"]
[BlackElo "2397"]
[Annotator "ChessBase"]
[PlyCount "81"]
[EventDate "2019.12.26"]
[EventType "tourn"]
[EventCountry "USA"]
[SourceTitle "playchess.com"]
[Source "ChessBase"]
[SourceQuality "1"]
[TimeControl "5400+30"]

1. e4 {[%emt 0:04:38]} c5 {[%emt 0:00:00]} 2. Nf3 {[%emt 0:00:13]} e6 {[%emt 0:00:00]} 3. d4 {[%emt 0:00:10]} cxd4 {[%emt 0:00:00]} 4. Nxd4 {[%emt 0:00:11]} Nc6 {[%emt 0:00:00]} 5. Nc3 {[%emt 0:00:12]} Qc7 {[%emt 0:00:00]} 6. Be3 {[%emt 0:00:13]} a6 {[%emt 0:00:00]} 7. Qd2 {[%emt 0:00:47]} Nf6 {[%emt 0:00:19]} 8. O-O-O {[%emt 0:00:19]} Be7 {[%emt 0:00:50]} 9. f3 {[%emt 0:00:19]} b5 {[%emt 0:00:40]} 10. Nxc6 {[%emt 0:00:29]} dxc6 {[%emt 0:01:14]} 11. g4 {[%emt 0:00:07]} O-O {[%emt 0:00:51]} 12. Qf2 {[%emt 0:00:55]} Nd7 {[%emt 0:03:59]} 13. g5 {[%emt 0:02:26]} e5 {[%emt 0:16:28]} 14. h4 {[%emt 0:06:22]} Re8 {[%emt 0:04:49]} 15. h5 {[%emt 0:07:03]} Nf8 {[%emt 0:01:55]} 16. Bd3 {[%emt 0:18:26]} a5 {[%emt 0:09:59]} 17. f4 {[%emt 0:03:40]} exf4 {[%emt 0:05:22]} 18. Bxf4 {[%emt 0:00:14]} Qa7 {[%emt 0:00:54]} 19. Qg3 {[%emt 0:06:04]} b4 {[%emt 0:08:27]} 20. Na4 {[%emt 0:05:22]} Ba6 {[%emt 0:04:40]} 21. g6 {[%emt 0:08:28]} fxg6 {[%emt 0:08:18]} 22. hxg6 {[%emt 0:07:22]} Nxg6 {[%emt 0:01:48]} 23. Bxa6 {[%emt 0:04:18]} Qxa6 {[%emt 0:00:21]} 24. Qb3+ {[%emt 0:00:26]} Kh8 {[%emt 0:02:28]} 25. Qf7 {[%emt 0:00:37]} c5 {[%emt 0:08:46]} 26. Bd6 {[%emt 0:02:31]} Bg5+ {[%emt 0:05:17]} 27. Kb1 {[%emt 0:00:11]} Qe2 {[%emt 0:05:07]} 28. Nxc5 {[%emt 0:04:41]} Rac8 {[%emt 0:04:41]} 29. Rde1 {[%emt 0:05:53]} Qd2 {[%emt 0:00:26]} 30. e5 {[%emt 0:00:34]} Bh6 {[%emt 0:02:15]} 31. Rhf1 {[%emt 0:01:56]} a4 {[%emt 0:01:45]} 32. Rd1 {[%emt 0:01:21]} Qe2 {[%emt 0:01:30]} 33. Rfe1 {[%emt 0:00:06]} Qg4 {[%emt 0:00:46]} 34. e6 {[%emt 0:03:46]} a3 {[%emt 0:01:33]} 35. e7 {[%emt 0:03:55]} Bg5 {[%emt 0:00:50]} 36. Ne6 {[%emt 0:01:38]} Bf6 {[%emt 0:00:48]} 37. Nd8 {[%emt 0:01:11]} Qd7 {[%emt 0:00:33]} 38. Bxb4 {[%emt 0:00:32]} Qb5 {[%emt 0:00:30]} 39. Rd5 {[%emt 0:01:01]} Rxe7 {[%emt 0:00:32]} 40. Rxe7 {[%emt 0:00:19]} Qf1+ {[%emt 0:00:38]} 41. Re1 {[%emt 0:00:11]} 1-0

[Event "Holiday Invitational-GM 2019"]
[Site "Charlotte"]
[Date "2019.12.30"]
[Round "8.5"]
[White "Korley, Kassa"]
[Black "Wang, Justin"]
[Result "1/2-1/2"]
[WhiteElo "2432"]
[BlackElo "2454"]
[Annotator "TA"]
[PlyCount "48"]
[EventDate "2019.12.26"]
[EventType "tourn"]
[EventCountry "USA"]
[SourceTitle "playchess.com"]
[Source "ChessBase"]
[SourceQuality "1"]

{[%evp 11,48,0,8,-4,0,-3,-2,-8,-6,-9,6,0,3,-4,24,11,6,15,20,6,10,10,10,25,24,12,37,26,27,29,44,45,38,36,32,0,0,0,39]} 1. Nf3 Nf6 2. b3 d5 3. Bb2 c6 4. e3 Bf5 5. Be2 h6 6. c4 e6 7. Nc3 {A12: English Opening: 1...c6 with b3 by White} Nbd7 (7... Be7 8. O-O O-O 9. d3 Bh7 10. Qc2 a5 11. Rad1 Na6 12. a3 {½-½ (45) Vachier Lagrave,M (2793)-Aronian,L (2797) Caleta 2018}) 8. d4 Bd6 9. Bd3 O-O 10. O-O Qe7 11. Bxf5 exf5 12. cxd5 $146 ({Predecessor:} 12. Qc2 Qe6 13. Ne2 Rfe8 14. Rae1 a5 15. Nf4 Qe4 16. Nd3 Qe7 17. Nfe5 Ng4 {½-½ (17) Horvath,P (2395)-Dovzik,J (2375) Nagykanizsa 1994}) 12... cxd5 13. Nb5 Bb4 14. a3 Ba5 15. Bc3 Bxc3 16. Nxc3 Rac8 17. Qd3 g6 18. Rfc1 a6 19. Qd2 Qd6 20. Ne2 Qb6 21. Qb4 Qxb4 22. axb4 Ne4 23. Nf4 Nb6 24. Nd3 Nd6 {Accuracy: White = 75%, Black = 59%.} 1/2-1/2

[Event "Holiday Invitational-GM 2019"]
[Site "Charlotte"]
[Date "2019.12.31"]
[Round "9.1"]
[White "Sinha, Sahil"]
[Black "Jacobson, Brandon"]
[Result "1/2-1/2"]
[WhiteElo "2296"]
[BlackElo "2472"]
[Annotator "TA"]
[PlyCount "56"]
[EventDate "2019.12.26"]
[EventType "tourn"]
[EventCountry "USA"]
[SourceTitle "playchess.com"]
[Source "ChessBase"]
[SourceQuality "1"]

{[%evp 9,56,68,66,63,60,49,47,49,52,43,56,37,37,41,45,21,35,28,41,22,28,15,20,-5,-7,-21,196,182,196,102,124,129,128,107,101,94,37,26,162,152,160,156,152,147,131,106,102,117,91]} 1. d4 h6 2. c4 a6 (2... e6 3. Nc3 d5 4. Nf3 Nf6 5. g3 Be7 6. Bg2 O-O 7. O-O c6 8. b3 Nbd7 9. Qc2 b6 10. e4 dxe4 11. Nxe4 Bb7 12. Rd1 Qc8 {1-0 (22) Braun,A (2579)-Van Foreest,L (2350) Germany 2016}) 3. Nc3 d6 4. Nf3 $146 ({Predecessor:} 4. e4 e6 5. Be3 Nd7 6. Nf3 c6 7. Be2 Qc7 8. O-O e5 9. d5 Ngf6 10. Nd2 {1-0 (54) Gunchenko,V (2245)-Kochetkov,V (1918) Taganrog 2017}) 4... Nc6 5. e4 e5 6. d5 {A40: Unusual replies to 1 d4} Nce7 7. Bd3 Nf6 8. O-O {White is slightly better.} Ng6 9. Re1 Nh7 10. Be3 Be7 11. Rc1 O-O 12. b4 Bg4 13. h3 Bd7 14. c5 Ng5 15. Nd2 $36 {[%mdl 2048] White has some pressure.} Nh4 $1 16. Nc4 dxc5 17. bxc5 Nxh3+ $2 (17... Bxc5 $11 18. Nxe5 (18. Bxc5 Nxh3+ 19. Kf1 Nxg2 $11) 18... Bxe3 19. Rxe3 Nxh3+ 20. gxh3 Qg5+ {[%mdl 64] Double Attack} 21. Ng4 h5 {[%mdl 64] Pin}) 18. gxh3 $18 Bxc5 {[#]} 19. Bf1 ({Stronger than} 19. Nxe5 Bxe3 20. Rxe3 Qg5+ 21. Ng4 h5 $11) ({White should try} 19. Qh5 $1 $18 g6 20. Qxh6 Nf3+ 21. Kg2 Nxe1+ 22. Rxe1 Bxe3 23. Rxe3 (23. fxe3 Re8 $18)) 19... Bd4 $16 20. Nd2 f5 21. exf5 Bxf5 22. Qb3 Kh8 23. Kh1 Qd7 (23... c6 $1 $11 {and Black is okay.}) 24. Bxd4 $18 ({Don't blunder} 24. Qxb7 $2 Bxh3 25. Qc6 Qg4 $19) 24... exd4 25. Nce4 Bxe4+ 26. Rxe4 ({Avoid the trap} 26. Nxe4 $2 Rf3 $19) 26... Rxf2 {[#] White must now prevent ...Qd6.} 27. Qg3 Rxd2 28. Rxh4 Rf8 {Accuracy: White = 65%, Black = 61%.} 1/2-1/2

[Event "Holiday Invitational-GM 2019"]
[Site "Charlotte"]
[Date "2019.12.31"]
[Round "9.3"]
[White "Karthik Venkataraman"]
[Black "Balakrishnan, Praveen"]
[Result "1-0"]
[WhiteElo "2470"]
[BlackElo "2466"]
[Annotator "TA"]
[PlyCount "77"]
[EventDate "2019.12.26"]
[EventType "tourn"]
[EventCountry "USA"]
[SourceTitle "playchess.com"]
[Source "ChessBase"]
[SourceQuality "1"]

{[%evp 16,77,16,18,29,27,36,8,64,31,27,0,6,0,0,0,0,0,0,-20,12,-31,-17,-27,0,-33,-8,-15,77,77,83,83,100,72,426,404,638,635,606,619,576,579,555,466,539,538,530,507,766,759,756,750,751,736,731,723,850,842,820,817,908,899,1125,1122]} 1. Nf3 Nf6 2. c4 g6 3. Nc3 Bg7 4. e4 d6 5. d4 O-O 6. Be2 e5 7. d5 a5 8. Bg5 h6 9. Be3 Ng4 {E92: King's Indian: Classical: 6 Be2 e5: 7 dxe5, 7 Be3 and Petrosian System without 7...Nbd7} 10. Bd2 f5 11. exf5 $146 ({Predecessor:} 11. h3 Nf6 12. exf5 {1-0 (45) Cuenca Jimenez,J (2498)-Fier,A (2589) Leiria 2017}) 11... gxf5 (11... Bxf5 $11 12. g3 e4) 12. h3 Nf6 13. Qc1 f4 14. g3 e4 $1 {[%cal Re4f3]} 15. Nh4 {[#]} e3 $1 {[%cal Re3d2][%mdl 512]} 16. fxe3 fxg3 17. Ng6 Re8 18. Rg1 Bf5 19. Rxg3 {[#] aiming for e4.} Na6 20. Nf4 Nc5 {[%mdl 1024] Threatening ...Nfe4. Black has compensation.} 21. Bf3 Nfd7 (21... Kh7 $11) 22. Ke2 $16 Kh7 ({Of course not} 22... Qh4 23. Qg1 $16) 23. Qg1 $36 {[%mdl 2048] White is on the roll.} Be5 {Strongly threatening ...Bxf4.} 24. Bg4 Bxg4+ $2 {[%mdl 8192]} (24... Qg5 $16 25. Bh5 Qf6 26. Bxe8 Rxe8) 25. Rxg4 $18 {White threatens Qb1+ and mate.} Rg8 (25... Bxf4 $142 26. Rg7+ (26. Rxf4 Rg8 $16) 26... Kh8) 26. Qb1+ {White is clearly winning.} Kh8 27. Ng6+ ({Weaker is} 27. Rxg8+ Qxg8 28. Ng6+ Kg7 $16) 27... Rxg6 28. Qxg6 {[%cal Rg6h6]} Qf6 29. e4 Bd4 30. Rf1 Qxg6 31. Rxg6 Ne5 (31... Rf8 $142 32. Rxf8+ Nxf8 33. Rxh6+ Kg8) 32. Rxh6+ Kg7 33. Nb5 Nxe4 34. Nxd4 {White wants to mate with Ne6+.} Ng3+ 35. Kf2 Rf8+ 36. Kxg3 {Ne6+! would kill now.} Rxf1 37. Ne6+ Kg8 38. Bc3 Rg1+ 39. Kf4 {Played: Kg3-f2} 1-0

[Event "Holiday Invitational-GM 2019"]
[Site "Charlotte"]
[Date "2019.12.31"]
[Round "9.4"]
[White "Kaliksteyn, Alexander"]
[Black "Steingrimsson, Hedinn"]
[Result "1/2-1/2"]
[WhiteElo "2381"]
[BlackElo "2530"]
[Annotator "TA"]
[PlyCount "36"]
[EventDate "2019.12.26"]
[EventType "tourn"]
[EventCountry "USA"]
[SourceTitle "playchess.com"]
[Source "ChessBase"]
[SourceQuality "1"]

{[%evp 9,36,-3,0,12,12,9,21,0,0,4,0,-3,25,33,45,31,44,31,52,0,0,0,0,-20,2,-7,20,1,25]} 1. d4 Nf6 2. Nf3 g6 3. Bf4 Bg7 4. Nbd2 c5 5. e3 O-O 6. c3 {A48: 1 d4 Nf6 2 Nf3 g6: Torre, London and Colle Systems} cxd4 (6... d6 7. h3 Qb6 8. Qb3 Be6 9. Qa3 cxd4 10. exd4 Qc6 11. c4 d5 12. c5 Ne4 13. Be2 Qc8 14. Qe3 Nc6 15. O-O {½-½ (33) Gorovets,A (2496)-Liang,A (2570) Saint Louis 2018}) 7. exd4 Nc6 8. Bc4 d5 9. Bd3 Nh5 10. Be3 Qc7 $146 ({Predecessor:} 10... f5 11. Nb3 f4 12. Bc1 Bg4 13. O-O e5 14. dxe5 Bxf3 15. Qxf3 Nxe5 {½-½ (45) De Smet,K (2186)-Dunlop,G (2132) ICCF email 2011}) 11. O-O Rb8 12. a4 a6 13. Nb3 Nf4 14. Re1 (14. Bb1 $14) 14... Nxd3 $11 {The position is equal.} 15. Qxd3 Bg4 16. Bg5 Rbd8 17. Nc5 Rfe8 18. Bh4 Bxf3 {Accuracy: White = 32%, Black = 36%.} 1/2-1/2

[Event "Holiday Invitational-GM 2019"]
[Site "Charlotte"]
[Date "2019.12.31"]
[Round "9.5"]
[White "Wang, Justin"]
[Black "Iotov, Valentin"]
[Result "1/2-1/2"]
[WhiteElo "2454"]
[BlackElo "2516"]
[Annotator "TA"]
[PlyCount "180"]
[EventDate "2019.12.26"]
[EventType "tourn"]
[EventCountry "USA"]
[SourceTitle "playchess.com"]
[Source "ChessBase"]
[SourceQuality "1"]

{[%evp 14,180,24,11,13,16,27,0,10,6,6,0,8,-63,-56,-43,-43,-42,-41,-40,-12,-41,-25,-47,-39,-52,-34,-77,-98,-84,-79,-218,-207,-210,-207,-204,-201,-218,-147,-226,-172,-290,-283,-346,-273,-248,-173,-179,-181,-184,-184,-186,-164,-157,-106,-112,-105,-105,-84,-106,-98,-131,-132,-132,-128,-193,-145,-140,-136,-148,-129,-159,-164,-260,-260,-252,-244,-252,-252,-299,-281,-298,-215,-215,-215,-215,-215,-215,-215,-215,-215,-215,-215,-215,-196,-196,-195,-197,-80,-195,-181,-188,-188,-195,-188,-188,-189,-195,-195,-199,-199,-202,-196,-199,-196,-196,-195,-199,-196,-196,-196,-196,-190,-215,-198,-198,-161,-161,-161,-161,-161,-161,-161,-29973,-161,-161,-161,-161,-161,-161,-161,-161,-161,-161,-161,-161,-161,-161,-161,-161,-161,-161,-161,-161,-161,-161,-161,-161,-22,-22,-22,-22,-22,-22,0,-22,0,-22,0]} 1. e4 e5 2. Nf3 Nc6 3. Bb5 g6 4. O-O Bg7 5. c3 a6 6. Ba4 b5 7. Bb3 Nge7 8. d4 exd4 $1 {C60: Ruy Lopez: Unusual Black 3rd moves and 3...g6} 9. cxd4 O-O 10. Nc3 Na5 11. Bc2 d6 12. h3 c5 13. a4 ({White should try} 13. d5 $11) (13. dxc5 dxc5 14. Qxd8 Rxd8 {0-1 (65) Vachier Lagrave,M (2789)-Mamedyarov,S (2808) Leuven 2018}) 13... cxd4 $146 ({Predecessor:} 13... b4 14. Ne2 c4 15. Bg5 h6 16. Bf4 {0-1 (48) Vanagaite,G (2033)-Cornette,D (2317) Vilnius 2013}) 14. Nxd4 b4 15. Nce2 Bb7 16. Bg5 d5 17. Qe1 h6 18. Bd2 Nac6 19. Nxc6 Nxc6 20. Bxb4 Nxb4 21. Qxb4 Rb8 $1 22. Nc3 (22. e5 $17) 22... d4 $1 $19 {[%cal Rd4c3]} 23. Nd1 {[#]} Bxe4 $1 {[%mdl 512]} 24. Qd2 (24. Bxe4 Rxb4) 24... d3 25. Bb1 Qd5 26. Ra3 (26. Ba2 $17 Qg5 27. Qxg5 hxg5 28. Bc4) 26... Rfc8 27. b4 (27. Re1 {was called for.}) 27... Qd4 ({Inferior is} 27... Bxg2 28. Ne3 $11) 28. Rb3 Qc4 29. Ra3 {[%cal Rb1d3]} Qxb4 30. Qxb4 Rxb4 31. Bxd3 Bxd3 32. Rxd3 Rxa4 33. Ne3 Rd4 (33... Ra2 $142 34. Nd5 Bf8) 34. Ra3 $17 Rd6 35. Rb1 h5 36. g3 Bd4 37. Rb7 Rc1+ 38. Kg2 Bc5 39. Rab3 (39. Ra2 $17) 39... a5 40. Rb8+ Kg7 41. Ra8 Bb4 42. Rb8 Rd2 43. R3xb4 (43. Ra8 {keeps fighting.}) 43... axb4 $19 44. Rxb4 {[%mdl 4096] Endgame KRR-KRN} Rc6 45. Nf1 Ra2 46. Nh2 g5 47. Rb5 Kg6 48. g4 hxg4 49. Nxg4 f6 50. Rb7 Re6 {Hoping for ...f5.} 51. Rb5 Rc2 52. Ra5 Rd2 53. Rb5 f5 54. Ne5+ Kf6 55. Nf3 Rd3 (55... Rd8 $1 $19 {has better winning chances.} 56. Rb7 Red6) 56. Ra5 (56. Rb8 $17 {was forced.}) 56... Red6 57. Ra8 {If only White now had time for Rf8+....} Rd8 58. Ra7 R3d7 59. Ra5 Rd5 60. Ra7 R5d6 61. Rb7 Rg8 62. Nh2 Re6 63. Ra7 Rb8 64. Nf3 Rb4 65. Ra5 g4 66. hxg4 Rxg4+ 67. Kf1 Rb6 68. Re5 Rb3 69. Re3 Rxe3 70. fxe3 {KR-KN} Ke6 71. Kf2 Kd5 72. Nd4 Ke4 {aiming for ...f4.} 73. Ne2 $2 (73. Nb3 $19) 73... Rg8 $2 (73... Rg6 $1 {mates} 74. Nc3+ Kd3 75. Na4 Rc6 76. Kf3 Rc1 77. Nb6 Rf1+ 78. Kg2 Ke2 79. Kg3 Rf3+ 80. Kh4 Kxe3 81. Nd5+ Kd4 82. Nf6 Rd3 83. Nh5 Ke5 84. Kg5 Rd1 85. Ng3 Rg1 $1 {[%mdl 512]} 86. Kh4 Rxg3 $1 {[%mdl 576] Remove Defender} 87. Kxg3 Ke4 88. Kf2 Kf4 89. Ke2 Kg3 90. Ke1 Kg2 91. Kd1 f4 92. Ke1 f3 93. Kd2 f2 94. Kc3 f1=Q 95. Kb4 Kf3 96. Kc5 Ke4 97. Kc6 Qc4+ 98. Kb7 Qb5+ 99. Kc7 Kd5 100. Kd8 Qb7 101. Ke8 Ke6 102. Kf8 Qf7#) 74. Nc3+ Kd3 75. Nb5 Rb8 76. Nd6 Rb6 ({Don't play} 76... Rf8 77. Kf3 $15) 77. Nf7 Rf6 78. Ng5 {[#]} Rg6 $1 {[%cal Rg6g5]} 79. Nh3 {Threatens to win with Nf4+.} Ke4 80. Ke2 {[#]} Rg3 $1 81. Nf2+ Ke5 82. Nd3+ Kd5 83. Kf2 Rg4 84. Kf3 Ra4 85. Nf4+ Kc4 (85... Kd6 $19 {White must now prevent ...Rc4.} 86. Ng6 Ke6 87. Nf4+ Kf6) 86. Ne2 $11 {The position is equal.} Kd3 87. Ng3 Ra5 88. Kf4 Ra4+ 89. Kf3 Ra5 90. Kf4 Ra4+ {Accuracy: White = 45%, Black = 70%.} 1/2-1/2